[Event "Rated Blitz game"]
[Site "?"]
[Date "2021.03.18"]
[Round "?"]
[White "Todilla"]
[Black "RecaptchaBU"]
[Result "0-1"]
[WhiteElo "2439"]
[BlackElo "2598"]
[PlyCount "46"]
[EventDate "2021.??.??"]
[EventType "blitz"]

1. e4 e5 2. Nf3 d5 3. Nxe5 Bd6 4. d4 dxe4 5. Nc4 Nf6 6. Nc3 O-O 7. Bg5 Be7 8.
Be2 Nc6 9. d5 Nxd5 10. Bxe7 Ncxe7 11. Nxe4 Nf4 12. Qxd8 Rxd8 13. Bf3 Be6 14.
Ne3 Neg6 15. O-O Ne5 16. Bd1 b6 17. g3 Nd5 18. Re1 Nxe3 19. Rxe3 Nc4 20. Rb3
Nd6 21. Re3 Nf5 22. Rc3 c5 23. Re3 Nxe3 {Normal} 0-1

[Event "Rated Blitz tournament lb5RrAL9"]
[Site "?"]
[Date "2021.03.18"]
[Round "?"]
[White "Medion72"]
[Black "cuerosky"]
[Result "1-0"]
[WhiteElo "2414"]
[BlackElo "2246"]
[PlyCount "53"]
[EventDate "2021.??.??"]
[EventType "blitz"]

1. e4 e5 2. Nf3 d5 3. exd5 e4 4. Qe2 Nf6 5. Nc3 Be7 6. Nxe4 O-O 7. Nxf6+ Bxf6
8. d4 Re8 9. Be3 Qxd5 10. Qb5 Qd8 11. Bc4 Nc6 12. O-O-O Bg4 13. Rhe1 a6 14.
Qxb7 Na5 15. Qd5 Nxc4 16. Qxc4 Rb8 17. Bf4 Be6 18. Qc5 Rb5 19. Qxc7 Qa8 20. b3
Rc8 21. Qd6 h6 22. Rxe6 fxe6 23. Qxe6+ Kf8 24. Bd6+ Be7 25. Bxe7+ Ke8 26. Bc5+
Kd8 27. Qe7# {Normal} 1-0

[Event "Rated Blitz game"]
[Site "?"]
[Date "2021.03.18"]
[Round "?"]
[White "DarmenS"]
[Black "Monkey_King"]
[Result "0-1"]
[WhiteElo "2666"]
[BlackElo "2525"]
[PlyCount "48"]
[EventDate "2021.??.??"]
[EventType "blitz"]

1. e4 e5 2. Nf3 d5 3. Nc3 dxe4 4. Nxe4 f5 5. Nc3 e4 6. Ne5 Nf6 7. d4 Bd6 8. Bc4
Bxe5 9. dxe5 Qxd1+ 10. Nxd1 Ng4 11. Bf4 Nc6 12. e6 Ke7 13. Ne3 Nxe3 14. fxe3
Bxe6 15. Bxe6 Kxe6 16. Bxc7 Rac8 17. Bf4 Nb4 18. O-O Rxc2 19. a3 Nd3 20. b4 g5
21. Bg3 Rg8 22. Kh1 Rgc8 23. h3 Re2 24. Bh2 Rcc2 {Normal} 0-1

[Event "Rated Blitz game"]
[Site "?"]
[Date "2021.03.18"]
[Round "?"]
[White "IamBabyGroot"]
[Black "sankapa"]
[Result "0-1"]
[WhiteElo "2470"]
[BlackElo "2328"]
[PlyCount "76"]
[EventDate "2021.??.??"]
[EventType "blitz"]

1. e4 e5 2. Nf3 d5 3. exd5 e4 4. Qe2 f5 5. d3 Nf6 6. Nc3 Bb4 7. dxe4 Bxc3+ 8.
bxc3 fxe4 9. Nd4 O-O 10. c4 Bg4 11. Qd2 Nbd7 12. Ba3 Re8 13. Be2 Ne5 14. O-O c5
15. Nb5 a6 16. Nc3 b5 17. cxb5 axb5 18. Bxc5 Qc7 19. Bd4 Bxe2 20. Qxe2 Nfg4 21.
Bxe5 Qxe5 22. Qxg4 Qxc3 23. d6 Rad8 24. d7 Re7 25. Rad1 Qxc2 26. Rfe1 h6 27. h4
b4 28. Rd4 Rf7 29. Re2 Qc1+ 30. Kh2 Rf4 31. Qe6+ Kh7 32. Rdxe4 Rf6 33. Qe7 Qc7+
34. g3 Rxd7 35. Qe5 Qb6 36. Rf4 Rdf7 37. Rxf6 Rxf6 38. Qf4 Rxf4 {Time forfeit}
0-1

[Event "Rated Blitz tournament QrdE3oJu"]
[Site "?"]
[Date "2021.03.18"]
[Round "?"]
[White "luno1977"]
[Black "Schachelite"]
[Result "0-1"]
[WhiteElo "2246"]
[BlackElo "2432"]
[PlyCount "96"]
[EventDate "2021.??.??"]
[EventType "blitz"]

1. e4 e5 2. Nf3 d5 3. Nxe5 Bd6 4. d4 dxe4 5. Nc3 Nf6 6. Be2 O-O 7. Nc4 Nc6 8.
Bg5 Re8 9. Qd2 h6 10. Bh4 Bf5 11. Ne3 Bg6 12. Ncd5 Be7 13. Nxe7+ Qxe7 14. Nd5
Qd6 15. Nxf6+ gxf6 16. c3 Kg7 17. O-O Ne7 18. Bg3 Qb6 19. Bc4 Nf5 20. b4 Qc6
21. Bb3 Rad8 22. Rac1 Nxg3 23. hxg3 Qd6 24. Qe3 f5 25. a3 b6 26. Rfd1 c6 27. c4
Qf6 28. c5 bxc5 29. dxc5 Rxd1+ 30. Rxd1 Rd8 31. Rxd8 Qxd8 32. Qc3+ Kg8 33. a4
Qb8 34. Qc4 f4 35. gxf4 Qxf4 36. b5 cxb5 37. axb5 Qe5 38. c6 e3 39. fxe3 Qxe3+
40. Kh2 Qe5+ 41. g3 Qc7 42. Qc5 Kg7 43. Bd5 Bf5 44. Bg2 Bg6 45. Qd5 h5 46. Qd7
Qe5 47. c7 h4 48. Qg4 hxg3+ {Time forfeit} 0-1

[Event "Rated Blitz game"]
[Site "?"]
[Date "2021.03.18"]
[Round "?"]
[White "PhilippeS"]
[Black "besiktas_1907"]
[Result "0-1"]
[WhiteElo "2411"]
[BlackElo "2299"]
[PlyCount "36"]
[EventDate "2021.??.??"]
[EventType "blitz"]

1. e4 e5 2. Nf3 d5 3. Nxe5 Bd6 4. d4 dxe4 5. Bc4 Bxe5 6. Qh5 Qe7 7. dxe5 Nc6 8.
Bf4 Be6 9. Bb5 Qb4+ 10. Nc3 Qxb2 11. Bxc6+ bxc6 12. Bd2 Qxa1+ 13. Ke2 Qxh1 14.
Qg5 Ne7 15. Nxe4 Nf5 16. Bb4 h6 17. Qd2 Rd8 18. Qc3 Qd1# {Normal} 0-1

[Event "Rated Blitz game"]
[Site "?"]
[Date "2021.03.18"]
[Round "?"]
[White "MrSnake"]
[Black "jflup"]
[Result "1-0"]
[WhiteElo "2300"]
[BlackElo "2405"]
[PlyCount "45"]
[EventDate "2021.??.??"]
[EventType "blitz"]

1. e4 e5 2. Nf3 d5 3. Nxe5 Bd6 4. d4 dxe4 5. Nc3 Nf6 6. Bc4 O-O 7. O-O Nc6 8.
Nxc6 bxc6 9. h3 Bf5 10. Bg5 h6 11. Bh4 g5 12. Bg3 Bxg3 13. fxg3 Bg6 14. Kh2 Qd6
15. Qe2 Rae8 16. Rad1 Nd5 17. Bxd5 cxd5 18. Nb5 Qd7 19. c4 c6 20. Nc3 f5 21.
cxd5 cxd5 22. Qb5 Bf7 23. Qxd7 {Normal} 1-0

[Event "Rated Blitz tournament cJYWnEBG"]
[Site "?"]
[Date "2021.03.18"]
[Round "?"]
[White "Slea"]
[Black "zavareh1351109"]
[Result "1-0"]
[WhiteElo "2479"]
[BlackElo "2267"]
[PlyCount "69"]
[EventDate "2021.??.??"]
[EventType "blitz"]

1. e4 e5 2. Nf3 d5 3. exd5 Bd6 4. Nc3 f5 5. Bc4 Nf6 6. O-O O-O 7. d3 Na6 8. Re1
Re8 9. Nb5 e4 10. dxe4 fxe4 11. Nxd6 Qxd6 12. Nd4 Bg4 13. Be2 Bxe2 14. Nxe2
Qxd5 15. Qxd5+ Nxd5 16. a3 h6 17. Ng3 Nf6 18. Bd2 Rad8 19. Bc3 Nd5 20. Nxe4
Nxc3 21. Nxc3 Rxe1+ 22. Rxe1 Rd2 23. Re2 Rxe2 24. Nxe2 Kf7 25. Kf1 Ke6 26. Ke1
Kd5 27. Kd2 Nc5 28. Ng3 g6 29. b3 a5 30. Ke3 b5 31. Ne2 Ne4 32. Nf4+ Ke5 33.
Nxg6+ Kf5 34. g4+ Kxg6 35. Kxe4 {Normal} 1-0

[Event "Rated Blitz tournament khn9edce"]
[Site "?"]
[Date "2021.03.17"]
[Round "?"]
[White "Viktor_Tahirov555"]
[Black "NaestvedVinderAltid"]
[Result "0-1"]
[WhiteElo "2437"]
[BlackElo "2317"]
[PlyCount "76"]
[EventDate "2021.??.??"]
[EventType "blitz"]

1. e4 e5 2. Nf3 d5 3. d4 dxe4 4. Nxe5 Bd6 5. Nc4 Ne7 6. Nxd6+ cxd6 7. Nc3 d5 8.
f3 f5 9. fxe4 fxe4 10. Bb5+ Bd7 11. O-O Ng6 12. Bxd7+ Qxd7 13. Qh5 Nc6 14. Bf4
O-O-O 15. Rad1 Nxf4 16. Rxf4 Rhf8 17. Rxf8 Rxf8 18. Qxd5 Qxd5 19. Nxd5 Rd8 20.
c4 b5 21. b3 bxc4 22. bxc4 Na5 23. Ne7+ Kb7 24. c5 Rd7 25. Nf5 Kc6 26. Nd6 Kd5
27. Kf2 Nc6 28. Ke3 Re7 29. Nf5 Rd7 30. Rd2 Nb4 31. Nd6 a5 32. Rf2 g6 33. a3
Nc6 34. Rd2 a4 35. h4 Na5 36. Rc2 Nc6 37. Nxe4 Re7 38. Kf3 Rxe4 {Normal} 0-1

[Event "Rated Blitz game"]
[Site "?"]
[Date "2021.03.17"]
[Round "?"]
[White "gmoneday"]
[Black "zavareh1351109"]
[Result "1-0"]
[WhiteElo "2491"]
[BlackElo "2325"]
[PlyCount "33"]
[EventDate "2021.??.??"]
[EventType "blitz"]

1. e4 e5 2. Nf3 d5 3. exd5 Bd6 4. Nc3 f5 5. d4 e4 6. Ne5 Nf6 7. Bc4 O-O 8. Bf4
Qe8 9. Qd2 a6 10. a4 Kh8 11. O-O Rg8 12. f3 g5 13. Bxg5 Bxe5 14. dxe5 Qxe5 15.
fxe4 Nxe4 16. Nxe4 fxe4 17. Bf6+ {Normal} 1-0

[Event "Rated Blitz game"]
[Site "?"]
[Date "2021.03.17"]
[Round "?"]
[White "Chess_alex1234"]
[Black "Dzon_Vejn"]
[Result "1-0"]
[WhiteElo "2306"]
[BlackElo "2464"]
[PlyCount "117"]
[EventDate "2021.??.??"]
[EventType "blitz"]

1. e4 e5 2. Nf3 d5 3. exd5 e4 4. Qe2 Nf6 5. Nc3 Be7 6. Nxe4 O-O 7. d4 Qxd5 8.
Nxf6+ Bxf6 9. Be3 Re8 10. Qd2 Nc6 11. Be2 Bf5 12. O-O b5 13. c3 Na5 14. Bg5 Re6
15. Bxf6 Rxf6 16. Ne5 Re8 17. Bf3 Qd6 18. b4 Nc4 19. Nxc4 bxc4 20. Rfe1 Rfe6
21. Rxe6 fxe6 22. Re1 h6 23. h3 Rd8 24. Qe2 Qa6 25. Be4 Rf8 26. Bxf5 exf5 27.
Qe6+ Qxe6 28. Rxe6 Kf7 29. Rc6 Rc8 30. Rxc4 Ke6 31. Rc5 g6 32. Kf1 Kd6 33. Ke2
Re8+ 34. Kd2 f4 35. Ra5 f3 36. gxf3 Rf8 37. Rxa7 Rxf3 38. Ra6+ Kd7 39. Rxg6
Rxf2+ 40. Ke3 Rxa2 41. Rxh6 Rc2 42. Kd3 Rg2 43. h4 Rg3+ 44. Kc4 Rg4 45. h5 Rg5
46. Rh7+ Kc8 47. d5 Kb7 48. Kc5 Rf5 49. c4 Rg5 50. h6 Rg6 51. b5 Rg5 52. b6 Ka8
53. Rxc7 Rg6 54. h7 Rh6 55. Rc8+ Kb7 56. h8=Q Rxb6 57. Rb8+ Ka7 58. Qg7+ Ka6
59. Ra8# {Normal} 1-0

[Event "Rated Blitz game"]
[Site "?"]
[Date "2021.03.17"]
[Round "?"]
[White "Elgranconejo"]
[Black "Blind2250"]
[Result "1-0"]
[WhiteElo "2440"]
[BlackElo "2412"]
[PlyCount "101"]
[EventDate "2021.??.??"]
[EventType "blitz"]

1. e4 e5 2. Nf3 d5 3. exd5 e4 4. Qe2 Nf6 5. Nc3 Qe7 6. Nd4 Qe5 7. Qb5+ Nbd7 8.
Nb3 Bd6 9. Be2 O-O 10. d4 exd3 11. Qxd3 Re8 12. Be3 Nb6 13. O-O-O Bf5 14. Qd4
Qe7 15. Bf3 a6 16. Rhe1 Nbd7 17. Bf4 Qxe1 18. Rxe1 Rxe1+ 19. Kd2 Bxf4+ 20. Qxf4
Re5 21. Nc5 Bg6 22. Nxb7 Rae8 23. Qa4 Nb6 24. Qxa6 Ne4+ 25. Nxe4 Bxe4 26. Bxe4
Rxe4 27. b3 Rd4+ 28. Kc1 Rxd5 29. Na5 Rf5 30. f3 Rfe5 31. Nc6 Re2 32. Qb5 Nd7
33. Nd4 Re1+ 34. Kb2 Nf6 35. Nf5 g6 36. Nh6+ Kg7 37. Ng4 Nxg4 38. fxg4 R1e5 39.
Qc4 c5 40. Qc3 f6 41. a4 R8e7 42. h4 Re3 43. Qc4 h6 44. g5 hxg5 45. hxg5 fxg5
46. Qxc5 Kf7 47. Qc3 R3e5 48. Qc4+ Kg7 49. Qd3 Kf6 50. Qd4 Kf5 51. Qf2+ {
Time forfeit} 1-0

[Event "Rated Blitz game"]
[Site "?"]
[Date "2021.03.17"]
[Round "?"]
[White "gregor20a"]
[Black "KamranShirazi"]
[Result "1-0"]
[WhiteElo "2385"]
[BlackElo "2494"]
[PlyCount "107"]
[EventDate "2021.??.??"]
[EventType "blitz"]

1. e4 e5 2. Nf3 d5 3. d3 Bc5 4. exd5 c6 5. dxc6 Nxc6 6. Nc3 Nf6 7. Be2 Ng4 8.
O-O f5 9. h3 h6 10. hxg4 f4 11. Ne4 Bb6 12. g5 hxg5 13. Nfxg5 Bf5 14. Bg4 Bxe4
15. Nxe4 Qh4 16. Bh3 O-O 17. Qg4 Qd8 18. Qe6+ Kh8 19. c3 Qxd3 20. Ng5 Rf6 21.
Qg4 Kg8 22. Qh5 Raf8 23. Be6+ Rxe6 24. Nxe6 Rf6 25. Qe8+ Kh7 26. Ng5+ Kh6 27.
Nf3 Qg6 28. Qh8+ Qh7 29. Qxh7+ Kxh7 30. Re1 Rf5 31. Bd2 g5 32. Nh2 Kg6 33. Kf1
Kh5 34. f3 Kh4 35. Ng4 Kh5 36. Re4 Kg6 37. Rae1 Bc7 38. c4 Rf8 39. Bc3 Rh8 40.
Nxe5+ Kf5 41. Nxc6 bxc6 42. Ke2 Rh2 43. Kf2 g4 44. fxg4+ Kxg4 45. Bd4 c5 46.
Bxc5 Bd8 47. Bd4 Bh4+ 48. Ke2 Rxg2+ 49. Kd3 Bxe1 50. Rxe1 f3 51. Rg1 Kg3 52.
Rxg2+ fxg2 53. c5 Kf4 54. c6 {Time forfeit} 1-0

[Event "Rated Blitz game"]
[Site "?"]
[Date "2021.03.17"]
[Round "?"]
[White "luron2003"]
[Black "blastol"]
[Result "1-0"]
[WhiteElo "2436"]
[BlackElo "2355"]
[PlyCount "73"]
[EventDate "2021.??.??"]
[EventType "blitz"]

1. e4 e5 2. Nf3 d5 3. exd5 Bd6 4. Nc3 Nf6 5. Bb5+ c6 6. dxc6 bxc6 7. Bd3 O-O 8.
O-O Bg4 9. h3 Bh5 10. Re1 Nbd7 11. Ne4 Nxe4 12. Bxe4 f5 13. Bxc6 e4 14. d4 Rc8
15. Bxd7 Qxd7 16. Ne5 Qe8 17. Qd2 Bxe5 18. dxe5 Qxe5 19. c3 h6 20. Qf4 Qb5 21.
Be3 Rc6 22. Bd4 Rg6 23. b3 Bf3 24. g3 Kh7 25. Re3 Ra6 26. h4 Rg8 27. Kh2 Qd7
28. Rxf3 exf3 29. h5 g5 30. hxg6+ Raxg6 31. Qxf3 Qf7 32. Re1 Rg4 33. Bc5 Qh5+
34. Kg2 R8g7 35. Bd4 Rf7 36. Re8 Rg8 37. Qxh5 {Normal} 1-0

[Event "Rated Blitz tournament khn9edce"]
[Site "?"]
[Date "2021.03.17"]
[Round "?"]
[White "AFunder"]
[Black "Maltinho"]
[Result "0-1"]
[WhiteElo "2658"]
[BlackElo "2544"]
[PlyCount "124"]
[EventDate "2021.??.??"]
[EventType "blitz"]

1. e4 e5 2. Nf3 d5 3. exd5 Bd6 4. d4 e4 5. Ne5 Nf6 6. Bb5+ c6 7. dxc6 bxc6 8.
Nxc6 Qb6 9. Nxa7+ Bd7 10. Nc8 Bb4+ 11. Nc3 Qa5 12. Bd2 Bxb5 13. Nxb5 Qxb5 14.
c3 Bf8 15. Bf4 Qc6 16. Na7 Qd7 17. O-O Qxa7 18. c4 Be7 19. d5 O-O 20. d6 Rd8
21. b4 Bf8 22. c5 Qb7 23. a3 Nc6 24. Qd2 Qb5 25. Bg5 Re8 26. Bxf6 gxf6 27. Rfe1
Re6 28. Re3 f5 29. Qd5 Nxb4 30. Qxa8 Nc2 31. Rg3+ Rg6 32. Rc1 Nd4 33. Re3 Ne2+
34. Rxe2 Qxe2 35. d7 e3 36. Qf3 Qd2 37. Qxe3 Qxd7 38. c6 Qc7 39. Qf3 f4 40. g3
fxg3 41. hxg3 Bd6 42. a4 Bxg3 43. Kf1 Bd6 44. Rc4 Kg7 45. a5 Qxa5 46. Qd3 Qa1+
47. Ke2 Re6+ 48. Kf3 Qf6+ 49. Kg2 Re7 50. Rg4+ Kh8 51. Rd4 Bc7 52. Rd8+ Bxd8
53. Qxd8+ Kg7 54. c7 Qg6+ 55. Kf1 Qb1+ 56. Kg2 Qb7+ 57. Kf1 Qxc7 58. Qd4+ Re5
59. Qg4+ Kf6 60. Qg3 Ke6 61. Qg4+ Kd6 62. Qg3 Qc5 {Time forfeit} 0-1

[Event "Rated Blitz game"]
[Site "?"]
[Date "2021.03.17"]
[Round "?"]
[White "gambit2273"]
[Black "NooB_MasteR_69_chess"]
[Result "0-1"]
[WhiteElo "2490"]
[BlackElo "2590"]
[PlyCount "82"]
[EventDate "2021.??.??"]
[EventType "blitz"]

1. e4 e5 2. Nf3 d5 3. Nxe5 Bd6 4. d4 dxe4 5. Nc3 Bxe5 6. dxe5 Qxd1+ 7. Kxd1 Bf5
8. Bc4 Nc6 9. Bf4 Nge7 10. h3 Ng6 11. Bg3 Ngxe5 12. Bd5 O-O-O 13. Kc1 e3 14.
fxe3 Rhe8 15. Rf1 Bg6 16. e4 f6 17. b3 Nb4 18. a3 Nxd5 19. exd5 c6 20. Kb2 cxd5
21. Rad1 d4 22. Nb5 Nc6 23. Nd6+ Rxd6 24. Bxd6 Re2 25. Rc1 d3 26. Kc3 dxc2 27.
Rfe1 Rxg2 28. b4 Kd7 29. Bf4 a6 30. a4 b5 31. axb5 axb5 32. Ra1 Bf5 33. h4 g5
34. hxg5 fxg5 35. Be3 Rg3 36. Kd2 Ne5 37. Ra7+ Kc6 38. Ra6+ Kd5 39. Bc5 Nc4+
40. Kc1 Rb3 41. Ra1 Rb1+ {Normal} 0-1

[Event "Rated Blitz game"]
[Site "?"]
[Date "2021.03.17"]
[Round "?"]
[White "salvinho"]
[Black "Erow"]
[Result "0-1"]
[WhiteElo "2606"]
[BlackElo "2692"]
[PlyCount "29"]
[EventDate "2021.??.??"]
[EventType "blitz"]

1. e4 e5 2. Nf3 d5 3. exd5 e4 4. Qe2 Nf6 5. Nc3 Be7 6. Nxe4 O-O 7. d3 Nxd5 8.
Bd2 Re8 9. c4 Nb4 10. Bc3 f5 11. Ng3 Bd6 12. Ne5 f4 13. Qd2 Bxe5 14. Bxe5 Rxe5+
15. Ne4 {Normal} 0-1

[Event "Rated Blitz game"]
[Site "?"]
[Date "2021.03.17"]
[Round "?"]
[White "Arcadia_Bay"]
[Black "zavareh1351109"]
[Result "1-0"]
[WhiteElo "2424"]
[BlackElo "2349"]
[PlyCount "83"]
[EventDate "2021.??.??"]
[EventType "blitz"]

1. e4 e5 2. Nf3 d5 3. exd5 Bd6 4. Bb5+ Bd7 5. Bxd7+ Nxd7 6. d3 f5 7. c4 Ngf6 8.
Nc3 O-O 9. Bg5 Qe8 10. Bxf6 Rxf6 11. Qd2 a6 12. O-O-O b5 13. Rhe1 Rb8 14. d4 e4
15. Ne5 Bxe5 16. dxe5 Nxe5 17. f3 Nd3+ 18. Qxd3 b4 19. fxe4 bxc3 20. Qxc3 fxe4
21. Re2 Qg6 22. Rde1 Re8 23. Qc2 Qh6+ 24. Kb1 e3 25. h3 Qh5 26. a3 Qg5 27. Ka2
a5 28. Qd3 h6 29. Rxe3 Ref8 30. Rg3 Qh4 31. Re7 R6f7 32. Rxf7 Rxf7 33. Rg4 Qe7
34. Qc3 Qc5 35. Qd4 Qd6 36. c5 Qd7 37. d6 cxd6 38. Qxd6 Qxd6 39. cxd6 Rd7 40.
Rd4 Kf7 41. b4 Ke6 42. bxa5 {Time forfeit} 1-0

[Event "Rated Blitz game"]
[Site "?"]
[Date "2021.03.17"]
[Round "?"]
[White "goyba"]
[Black "borisov_maxim"]
[Result "0-1"]
[WhiteElo "2431"]
[BlackElo "2520"]
[PlyCount "140"]
[EventDate "2021.??.??"]
[EventType "blitz"]

1. e4 e5 2. Nf3 d5 3. exd5 e4 4. Qe2 Qe7 5. d3 exf3 6. Qxe7+ Nxe7 7. c4 fxg2 8.
Bxg2 Nd7 9. Nc3 Ne5 10. Kd2 Bf5 11. Re1 Nxd3 12. Re3 Nxc1 13. Rxc1 O-O-O 14.
Rce1 Nc6 15. Re8 Bb4 16. Rxh8 Rxh8 17. dxc6 bxc6 18. Bxc6 Rd8+ 19. Ke2 Bd3+ 20.
Kf3 Bxc4 21. Re4 Bxc3 22. bxc3 Bd5 23. Bxd5 Rxd5 24. Re7 Rf5+ 25. Kg3 h5 26. f3
Kd8 27. Re4 Kd7 28. Rd4+ Kc6 29. Rc4+ Kb6 30. Rb4+ Kc6 31. Rc4+ Rc5 32. Rf4 f6
33. Ra4 a5 34. Rh4 g6 35. Rf4 f5 36. Kh4 Rxc3 37. Kg5 Rc2 38. h4 Rg2+ 39. Kf6
Kb5 40. Rd4 a4 41. Rd7 c5 42. Rb7+ Ka5 43. Rg7 c4 44. Rc7 Kb4 45. Rb7+ Ka3 46.
Rc7 Kb4 47. Rb7+ Kc3 48. Ra7 Kb2 49. Rxa4 c3 50. Rb4+ Kxa2 51. Rc4 Kb3 52. Rc8
c2 53. Rb8+ Kc3 54. Rc8+ Kd2 55. Rd8+ Kc1 56. Rc8 Rg3 57. f4 Rg4 58. Rc4 Kd2
59. Rd4+ Kc3 60. Rd1 cxd1=Q 61. Kg7 Qd7+ 62. Kh6 g5 63. hxg5 h4 64. Kh5 h3 65.
Kh6 h2 66. Kg6 Rh4 67. Kf6 Qd6+ 68. Kg7 Qe7+ 69. Kg8 Qh7+ 70. Kf8 Qh8+ {
Time forfeit} 0-1

[Event "Rated Blitz tournament khn9edce"]
[Site "?"]
[Date "2021.03.17"]
[Round "?"]
[White "kingstar70"]
[Black "Maltinho"]
[Result "1/2-1/2"]
[WhiteElo "2438"]
[BlackElo "2552"]
[PlyCount "81"]
[EventDate "2021.??.??"]
[EventType "blitz"]

1. e4 e5 2. Nf3 d5 3. Nxe5 Bd6 4. d4 dxe4 5. Nc3 Bxe5 6. dxe5 Qxd1+ 7. Nxd1 Nc6
8. Bf4 Nge7 9. Nc3 Ng6 10. Bg3 Bf5 11. Bb5 O-O-O 12. Bxc6 bxc6 13. O-O Rd2 14.
Rac1 h5 15. h3 h4 16. Bh2 Re8 17. Rfe1 Nxe5 18. Nxe4 Rdd8 19. Nc5 Nc4 20. b3
Nd2 21. Bf4 Ne4 22. Nxe4 Rxe4 23. Rxe4 Bxe4 24. Bg5 Rh8 25. c4 f6 26. Bf4 g5
27. Be3 a6 28. Bd4 Rf8 29. Re1 Bf5 30. Re7 Bb1 31. a3 Ba2 32. Re3 f5 33. c5 g4
34. b4 Bd5 35. hxg4 fxg4 36. Re7 Rf7 37. Rxf7 Bxf7 38. Bf6 h3 39. gxh3 gxh3 40.
Kh2 Be6 41. Be5 {Normal} 1/2-1/2

[Event "Rated Blitz game"]
[Site "?"]
[Date "2021.03.17"]
[Round "?"]
[White "berndhoy"]
[Black "Roberto_Baggio1978"]
[Result "1-0"]
[WhiteElo "2463"]
[BlackElo "2468"]
[PlyCount "57"]
[EventDate "2021.??.??"]
[EventType "blitz"]

1. e4 e5 2. Nf3 d5 3. Nxe5 Bd6 4. d4 dxe4 5. Nc4 Nf6 6. Nxd6+ Qxd6 7. Be2 Nc6
8. Be3 Ne7 9. O-O Ned5 10. Nc3 Nxc3 11. bxc3 O-O 12. Rb1 b6 13. Qd2 Bg4 14. Ba6
Rad8 15. Bf4 Qd5 16. Bxc7 Rd7 17. Bg3 Qh5 18. h3 Bxh3 19. gxh3 Qxh3 20. Rfe1
Rd5 21. Bf1 Qf5 22. c4 Ra5 23. d5 h5 24. Qf4 Qg6 25. Bh3 Rxa2 26. Bf5 Qh6 27.
Qxh6 gxh6 28. Bxe4 Rc8 29. Bd3 {Normal} 1-0

[Event "Rated Blitz tournament khn9edce"]
[Site "?"]
[Date "2021.03.17"]
[Round "?"]
[White "Tuz2503"]
[Black "Maltinho"]
[Result "0-1"]
[WhiteElo "2276"]
[BlackElo "2512"]
[PlyCount "80"]
[EventDate "2021.??.??"]
[EventType "blitz"]

1. e4 e5 2. Nf3 d5 3. Nc3 Bd6 4. Nxd5 f5 5. d3 c6 6. Nc3 Nf6 7. Bg5 O-O 8. Be2
h6 9. Bxf6 Qxf6 10. Qd2 Na6 11. O-O-O Nc5 12. Kb1 b5 13. exf5 Bxf5 14. Qe3 b4
15. Ne4 Nxe4 16. dxe4 Bg6 17. Bc4+ Kh8 18. Rd3 Bc7 19. Rhd1 Bb6 20. Qe2 Qf4 21.
Rd6 Bxe4 22. Nd2 Bh7 23. f3 Rad8 24. Ne4 Bxe4 25. fxe4 Rxd6 26. Rxd6 Qxh2 27.
a3 bxa3 28. bxa3 Bd4 29. Ka2 Qg1 30. Rxc6 Qa1+ 31. Kb3 Rb8+ 32. Ka4 a5 33. Bb5
Qb2 34. Qc4 Kh7 35. Rc8 Rb6 36. Be8 Rb8 37. Qc6 Rb4+ 38. Kxa5 Qxa3+ 39. Qa4
Rxa4+ 40. Bxa4 Bc3+ {Normal} 0-1

[Event "Rated Blitz game"]
[Site "?"]
[Date "2021.03.17"]
[Round "?"]
[White "sina_iran"]
[Black "CristianS27"]
[Result "0-1"]
[WhiteElo "2565"]
[BlackElo "2408"]
[PlyCount "50"]
[EventDate "2021.??.??"]
[EventType "blitz"]

1. e4 e5 2. Nf3 d5 3. Nxe5 dxe4 4. Bc4 Qg5 5. Nxf7 Qxg2 6. Rf1 Bg4 7. Be2 Bxe2
8. Qxe2 Kxf7 9. Qh5+ Qg6 10. Qd5+ Qe6 11. Qxb7 Qc6 12. Qb3+ Ke8 13. Nc3 Nf6 14.
d3 exd3 15. Bg5 dxc2 16. Bxf6 gxf6 17. Kd2 Bh6+ 18. Kxc2 Nd7 19. Rae1+ Kf8 20.
Qb4+ Qc5 21. Qe4 Rb8 22. Re2 Ne5 23. Qf5 Rxb2+ 24. Kd1 Qd4+ 25. Ke1 Qxc3+ {
Normal} 0-1

[Event "Rated Rapid game"]
[Site "?"]
[Date "2021.03.17"]
[Round "?"]
[White "Brayan1234Valiente"]
[Black "Acmat"]
[Result "1/2-1/2"]
[WhiteElo "2299"]
[BlackElo "2402"]
[PlyCount "33"]
[EventDate "2021.??.??"]
[EventType "rapid"]

1. e4 e5 2. Nf3 d5 3. exd5 e4 4. Qe2 Nf6 5. Nc3 Bf5 6. Nd4 Bg6 7. Qb5+ Nbd7 8.
Qxb7 Rb8 9. Qc6 Bd6 10. Qa4 O-O 11. Nc6 Qc8 12. Nxb8 Qxb8 13. Qb5 Qa8 14. Qc6
Qd8 15. b3 Ne5 16. Qa4 Re8 17. Ba3 {Normal} 1/2-1/2

[Event "Rated Blitz game"]
[Site "?"]
[Date "2021.03.17"]
[Round "?"]
[White "LifooJunior"]
[Black "annaly1979"]
[Result "1-0"]
[WhiteElo "2417"]
[BlackElo "2340"]
[PlyCount "72"]
[EventDate "2021.??.??"]
[EventType "blitz"]

1. e4 e5 2. Nf3 d5 3. Nxe5 Qe7 4. d4 f6 5. Nf3 dxe4 6. Ng1 f5 7. Nc3 Nf6 8. Bg5
Be6 9. d5 Bf7 10. Qd4 Nbd7 11. O-O-O a6 12. Nge2 Qc5 13. Qxc5 Bxc5 14. Bxf6
Nxf6 15. f3 exf3 16. gxf3 O-O-O 17. Nf4 Rhe8 18. Nd3 Bb6 19. Bh3 g6 20. Rhe1
Nxd5 21. Nxd5 Bxd5 22. Rxe8 Rxe8 23. f4 Bf3 24. Rf1 Be4 25. Re1 Rd8 26. Rxe4
Kb8 27. Re7 c5 28. Bg2 Bc7 29. Rxh7 c4 30. Ne5 Rd4 31. Nxg6 Re4 32. Bxe4 fxe4
33. f5 e3 34. Rxc7 Kxc7 35. f6 e2 36. Kd2 c3+ {Normal} 1-0

[Event "Rated Rapid tournament PezBmDvx"]
[Site "?"]
[Date "2021.03.17"]
[Round "?"]
[White "josefghng"]
[Black "cuerosky"]
[Result "1-0"]
[WhiteElo "2417"]
[BlackElo "2241"]
[PlyCount "67"]
[EventDate "2021.??.??"]
[EventType "rapid"]

1. e4 e5 2. Nf3 d5 3. Nxe5 Bd6 4. d4 dxe4 5. Nc4 Nf6 6. Bg5 Be7 7. Be2 Bf5 8.
Ne3 Bg6 9. O-O c6 10. c4 Nbd7 11. Nc3 O-O 12. Qb3 Qb6 13. Rad1 h6 14. Bh4 Rfe8
15. d5 Qxb3 16. axb3 cxd5 17. Bxf6 Nxf6 18. Ncxd5 Bd8 19. c5 Rc8 20. b4 a5 21.
Bb5 Rf8 22. Nxf6+ Bxf6 23. Bd7 Rc7 24. Nd5 Rcc8 25. Nxf6+ gxf6 26. Bxc8 Rxc8
27. bxa5 Rxc5 28. b4 Rb5 29. Rd4 f5 30. g3 Kg7 31. Rc1 Kf6 32. Rc5 Rxc5 33.
bxc5 Ke5 34. Rb4 {Normal} 1-0

[Event "Rated Blitz game"]
[Site "?"]
[Date "2021.03.17"]
[Round "?"]
[White "Wilsonpalencia"]
[Black "annaly1979"]
[Result "1/2-1/2"]
[WhiteElo "2419"]
[BlackElo "2344"]
[PlyCount "94"]
[EventDate "2021.??.??"]
[EventType "blitz"]

1. e4 e5 2. Nf3 d5 3. d3 dxe4 4. dxe4 Qxd1+ 5. Kxd1 Bg4 6. Be2 Nc6 7. c3 Bc5 8.
Nfd2 Nf6 9. f3 Be6 10. Nb3 Bb6 11. N1d2 O-O-O 12. Kc2 Nd7 13. Nc4 f6 14. Nxb6+
Nxb6 15. Be3 Nc4 16. Bxc4 Bxc4 17. Rad1 h5 18. h4 b6 19. Nc1 Be6 20. b3 Rd6 21.
Rxd6 cxd6 22. c4 f5 23. exf5 Bxf5+ 24. Kc3 a5 25. a3 Kb7 26. Ne2 Re8 27. Ng3 g6
28. Re1 Nd8 29. b4 axb4+ 30. axb4 Ne6 31. Ra1 Ra8 32. Rxa8 Kxa8 33. Bxb6 Nf4
34. Bc7 Nxg2 35. Bxd6 Nxh4 36. Bxe5 Nxf3 37. Bd6 h4 38. Nxf5 gxf5 39. c5 Kb7
40. b5 h3 41. Kc4 h2 42. Bxh2 Nxh2 43. Kd5 Nf3 44. Kd6 Nd4 45. Ke5 Nxb5 46.
Kxf5 Kc6 47. Ke4 Kxc5 {Normal} 1/2-1/2

[Event "Rated Blitz game"]
[Site "?"]
[Date "2021.03.17"]
[Round "?"]
[White "Daskevich"]
[Black "NooB_MasteR_69_chess"]
[Result "0-1"]
[WhiteElo "2624"]
[BlackElo "2599"]
[PlyCount "40"]
[EventDate "2021.??.??"]
[EventType "blitz"]

1. e4 e5 2. Nf3 d5 3. exd5 e4 4. Qe2 Nf6 5. d3 Qxd5 6. Nc3 Bb4 7. Bd2 Bxc3 8.
Bxc3 O-O 9. Ne5 Re8 10. d4 c5 11. Qc4 Be6 12. O-O-O cxd4 13. Bxd4 Qa5 14. Qb5
Qxa2 15. Bc4 Bxc4 16. Nxc4 Nc6 17. Bxf6 gxf6 18. Na3 Rad8 19. Qxb7 Nd4 20. c3
Rb8 {Normal} 0-1